Calumet beginnings : ancient shorelines and settlements at the south end of Lake Michigan /
Saved in:
| Main Author: | |
|---|---|
| Format: | Book |
| Language: | English |
| Published: |
Bloomington :
Indiana University Press,
c2003.
|
| Subjects: | |
| Tags: |
Add Tag
No Tags, Be the first to tag this record!
|
| LEADER | 02342pam a2200421 a 4500 | ||
|---|---|---|---|
| 001 | 009245809-2 | ||
| 005 | 20031201100529.0 | ||
| 008 | 030113s2003 inuab b s001 0 eng | ||
| 010 | |a 2003000619 | ||
| 015 | |a GBA3-V4818 | ||
| 020 | |a 025334218X (alk. paper) | ||
| 035 | 0 | |a ocm51454491 | |
| 040 | |a DLC |c DLC |d YDX |d UKM | ||
| 043 | |a n-us-il |a n-us-in | ||
| 050 | 0 | 0 | |a F547.C7 |b S365 2003 |
| 082 | 0 | 0 | |a 977.2/99 |2 21 |
| 100 | 1 | |a Schoon, Kenneth J. | |
| 245 | 1 | 0 | |a Calumet beginnings : |b ancient shorelines and settlements at the south end of Lake Michigan / |c Kenneth J. Schoon. |
| 260 | |a Bloomington : |b Indiana University Press, |c c2003. | ||
| 300 | |a x, 247 p. : |b ill., maps ; |c 26 cm. | ||
| 504 | |a Includes bibliographical references (p. 223-236) and index. | ||
| 505 | 0 | |a The Calumet area -- Seas, sediments, and glacial ice : forming the landscapes -- Water and wind : interpreting Lake Michigan's history -- The Calumet area before 1833 -- The pioneer and stagecoach period, 1833-1858 -- Railroads and everyday life, 1852-1899 -- Altering the landscape -- Cook County communities -- Lake County communities -- Porter and LaPorte County communities -- Preserved natural areas. | |
| 650 | 0 | |a Calumet Region (Ill. and Ind.) |x History. | |
| 650 | 0 | |a Calumet Region (Ill. and Ind.) |x History, Local. | |
| 650 | 0 | |a Calumet Region (Ill. and Ind.) |x Geography. | |
| 650 | 0 | |a Human settlements |z Calumet Region (Ill. and Ind.) |x History. | |
| 650 | 0 | |a Land settlement |z Calumet Region (Ill. and Ind.) |x History. | |
| 651 | 0 | |a Calumet Region (Ill. and Ind.) |x History. | |
| 651 | 0 | |a Calumet Region (Ill. and Ind.) |x History, Local. | |
| 651 | 0 | |a Calumet Region (Ill. and Ind.) |x Geography. | |
| 655 | 7 | |a History. |2 fast | |
| 655 | 7 | |a Local history. |2 fast | |
| 776 | 0 | 8 | |i Online version: |a Schoon, Kenneth J. |t Calumet beginnings. |d Bloomington : Indiana University Press, c2003 |w (OCoLC)606129377 |
| 776 | 0 | 8 | |i Online version: |a Schoon, Kenneth J. |t Calumet beginnings. |d Bloomington : Indiana University Press, c2003 |w (OCoLC)607030922 |
| 776 | 0 | 8 | |i Online version: |a Schoon, Kenneth J. |t Calumet beginnings. |d Bloomington : Indiana University Press, ©2003 |w (OCoLC)606129377 |
| 776 | 0 | 8 | |i Online version: |a Schoon, Kenneth J. |t Calumet beginnings. |d Bloomington : Indiana University Press, ©2003 |w (OCoLC)607030922 |
| 988 | |a 20031126 | ||
| 906 | |0 DLC | ||


